| 000 | 00918nas a2200301 4500 | ||
|---|---|---|---|
| 001 | BR8101917 | ||
| 003 | BR-BrBNA | ||
| 005 | 20231205084617.0 | ||
| 007 | ta | ||
| 008 | 230509b bl.|||p| |||| 00| 00por d | ||
| 040 |
_aBR-BrBNA _bpor _cBiblioteca Nacional de Agricultura |
||
| 041 | _a(Pt) | ||
| 072 | _aL70 | ||
| 100 | 1 | _aKavinski, L.C. | |
| 100 | 1 | _aBove, S. | |
| 100 | 1 | _aKleiner Neto, J. | |
| 100 | 1 | _aParantoni, G.A. | |
| 100 | 1 | _aSusko, I. | |
| 245 | 1 | _aUso do CT-1341 em anestesia de gatos [Felis domestica; Cirurgia; Brasil] | |
| 246 | 1 | _aThe CT-1341 in feline anaesthesia [Felis domestica; Surgery; Brazil] | |
| 650 | _aVeterinaria | ||
| 650 | _aGato | ||
| 650 | _aAnestesia | ||
| 650 | _aCirurgia | ||
| 773 | 0 |
_tRevista do Setor de Ciencias Agrarias (Brazil) _xISSN 0100-607X _g(Jan 1980), v. 2(1) p. 61-65 _wBR8101917 |
|
| 909 |
_a202311 _bLúcia _c55 _dLúcia Elande |
||
| 942 |
_2AGRIS _n0 _cANA |
||
| 999 |
_c106241 _d106241 |
||